000
00316nam a22001337a 4500
008
171127b xxu||||| |||| 00| 0 eng d
020
_a
0721677363
041
_a
eng
080
_a
51
100
_a
37
101
_a
MAT
245
_a
MATHEMATICAL PREPARATION FOR THE HEALTH SCIENCES
_c
SAUNDERS,W.B
942
_2
udc
_c
BK
999
_c
38533
_d
38533